00591nam a2200169Ia 4500003000900000005001700009008004100026040003100067040001300098041000800111245010500119250001100224260002000235300001700255490002100272520012800293IT-RoPAU20220918175848.0120407s9999 xx 000 0 und d aIT-RoPAUc20130314112241.0 cIT-RoPAU aita a"Documenti del IV Capitolo Provinciale d’Italia. Ariccia. 14 - 22 maggio - 17 - 27 ottobre 1982." a1° ed aRomabSSPc1982 a38 p.c21 cm aPro Manuscripto. aIndice Prefazione Comunità e Spiritualità Promozione e Formazione Studio Apostolato Governo e Amministrazione Allegati